Caracterización diagnóstica de la realidad de las mujeres jóvenes en Chile

Guardat en:
Dades bibliogràfiques
Autor corporatiu: Instituto Nacional de la Juventud (Autor)
Format: Llibre
Idioma:espanyol
Publicat: Santiago INJUV 1998
Matèries:
Etiquetes: Afegir etiqueta
Sense etiquetes, Sigues el primer a etiquetar aquest registre!

MARC

LEADER 00000nam a2200000 a 4500
001 UCP5193
003 CL-VaPUC
008 990903e19980000CL |||||||||||||||||spa|d
082 0 4 |a 305.4  |b INS  |2 21 
110 2 |a Instituto Nacional de la Juventud  |e author  |9 433359 
245 1 0 |a Caracterización diagnóstica de la realidad de las mujeres jóvenes en Chile 
300 |a 71 h 
942 |c BK 
945 |d 19990903 00:00:00  |a rbrito 
260 |a Santiago  |b INJUV  |c 1998 
650 0 |a Mujeres  |9 257649 
650 0 |a Adolescencia  |9 307361 
650 0 |a Políticas sociales  |9 358116 
650 0 |a Demografía   |9 260008 
650 0 |a Mujeres trabajadoras  |9 259236 
650 0 |a Migración   |9 331531 
650 0 |a Analfabetismo  |9 324360 
583 |a last modification  |c 19990903 00:00:00  |k Rodrigo Vera 
999 |c 282981  |d 282979 
952 |0 0  |1 0  |4 0  |6 305_400000000000000_INS_1998  |7 0  |8 A  |9 325713  |a BIBGIM  |b BIBGIM  |d 2019-11-20  |i 3529533  |o 305.4 INS 1998  |p 3529533  |r 2025-01-15  |w 2019-11-20  |y BK  |k GIM